Johar (Record no. 2974)

MARC details
000 -LEADER
fixed length control field 00545nam a2200229 a 4500
020 ## - INTERNATIONAL STANDARD BOOK NUMBER
ISBN
082 00 - DEWEY DECIMAL CLASSIFICATION NUMBER
Classification number 891.4393
Author Cutter ALI1
100 ## - MAIN ENTRY--AUTHOR NAME
Author name Ali, Hamid
245 ## - TITLE STATEMENT
Title Johar
Sub title Urdu Journal
260 ## - PUBLICATION, DISTRIBUTION, ETC. (IMPRINT)
Place of publication Delhi
Name of publisher Matbua Jamia Press
Year of publication 1935
300 ## - PHYSICAL DESCRIPTION
Number of Pages 192p
500 ## - GENERAL NOTE
General note includes index and biblioraphy
650 ## - SUBJECT ADDED ENTRY--TOPICAL TERM
Topical Term Urdu-Literature-essys
942 ## - ADDED ENTRY ELEMENTS (KOHA)
Koha item type Books
700 1# -
-- Ali, Hamid
Holdings
Collection code Home library Current library Date acquired Cost, normal purchase price Full call number Accession Number Koha item type
  Henry Martyn Institute Library Henry Martyn Institute Library 02/07/2008 100.00 891.4393 ALI1 04861 Books
                   Copyright © 2026 | Henry Martyn Institute | Hyderabad | TS-500052 | INDIA | Implemented by hmi.edu.in
Hit-Count:

Powered by Koha